000 00222nam a22000857a 4500
008 161111b xxu||||| |||| 00| 0 eng d
100 _91152
_averma. a
245 _aunusual courage
260 _anew delhi
_bnational book trust
_c2007
999 _c3812
_d3812